Winx Club - Statistiques

Statistiques générales
  • Ce quiz a été pris 1 105 fois
  • Le résultat moyen est 25 sur 68
Statistiques - réponses
Hint Réponse % Correct
Dans le deuxième épisode de la première saison, avec combien d'autres fées Bloom fonde t-elle le Winx Club? 4
91%
Que poursuivent les créatures maléfiques lorsque Bloom se rend au parc? Stella
90%
Dans quelle ville terrienne Bloom habite t-elle? Gardénia
85%
Quel est le métier de Vanessa, la mère adoptive de Bloom? Fleuriste
81%
Que veulent dérober les Trix lors de la cérémonie des remises des cadeaux entre Alféa et Fontaine-Rouge? (objet appartenant à Stella) bague
77%
Quel sens Layla perd t-elle à cause d'un sort de Valtor? vue
77%
Que reçoit-elle pour son anniversaire? bicyclette
74%
Qui Mitzi embrasse t-elle lorsqu'elle est sauvée d'un animal ensorcelé par les sorciers du cercle noir? Brandon
73%
De quel royaume perdu Bloom est-elle la dernière princesse? Domino
73%
Qui dérobe la troisième partie du Codex caché dans les archives d'Alféa? Bloom
72%
Qui Stella sauve t-elle lors de la fête des mille ans d'Eraklyon? Radius
72%
Combien de mini-fées Layla essaye t-elle de sauver de la prison de Lord Darkar? 8
70%
En quoi Icy transforme t-elle Mirta lorsque cette dernière avertit Bloom d'un piège des Trix? Citrouille
69%
Dans le labyrinthe, Musa a le choix entre cette récompense ou voir quelqu'un. Qui est-ce? Sa mère
66%
Qui sauve la vie de Layla lors de cet épisode? Ophir
62%
Comment s'appelle l'ex fiancée de Sky? Diaspro
61%
Où se rendent les winx dans la saison 4? Terre
59%
De qui est amoureux Tritannus? Icy
58%
Qui a sauvé Bloom, enfant, lorsqu'elle était au milieu d'un incendie? Mike
56%
Sur quel planète/royaume cette prison débouche t-elle? Andros
52%
Que gagne Flora lorsque cette dernière avoue ses sentiments à Hélia? Charmix
52%
Valtor lors de l'épisode 25 de la saison 3, jette un sort composé des quatre éléments afin de conquérir la dimension magique. Quel élément touche la Tour nuage? Eau
48%
Quels animaux Stella et Bloom sauvent t-elle lorsque Chimera a recours à la magie afin d'acheter la dernière robe qu'il reste? chiens
44%
Avec qui le roi Radius va t-il se marier? Comtesse Cassandra
41%
Dans le film Le Secret du royaume perdu, quel objet permettrait de libérer Oritel et Marion? épée
41%
Qui demande de l'aide aux Trix pour paraitre plus belle et remporter le concours de beauté "Miss Magix"? Lucy
39%
Comment s'appelle la reine des fées de la Terre? Morgana
38%
Comment s'appelle le livre que Sélina possède? Légendarium
36%
En sauvant quel personnage Flora obtient-elle son Enchantix? Miele
36%
Quel pouvoir a causé l'apparence d'un esprit désincarné de Daphné? Sirenix
36%
Par qui ce royaume a t-il été détruit? Sorcières Ancestrales
35%
Sur qui Icy jette t-elle un sort gelant les coeurs? Hélia
32%
Qui les sorciers transforment-il en sorcière? Mitzi
30%
Qui perd ses ailes lors de l'incendie provoqué par Darcy dans la bibliothèque d'Alféa? Galatéa
29%
Par qui est possédée Roxy lorsqu'elle touche le cercle blanc? Nébula
29%
Qui interrompt le couronnement de Nereus? Tritannus
29%
Où se rend Bloom dans l'espoir d'obtenir son Enchantix? Pyros
27%
Roxy parvient a se transformer en fée suite à la mort de quel personnage? Artu
26%
Avec qui Riven est-il persuadé que Musa a une liaison? Jason Queen
26%
Par quelle créature, Ligéa, la reine des sirènes d'Andros est-elle retenue? Kraken
25%
Quelle est la planète d'où vient Flora où les winx se rendent pour obtenir des conseils afin de sauver Mme Faragonda? Limphéa
24%
Quel arbre enchanté plonge les fées aquatiques du marécage de la Tortue Noire dans un profond sommeil? Saule Rouge
24%
Où atterrit Tecna en essayant de refermer le portail d'andres? Dimension Oméga
23%
Qui tombe amoureux de Stella sous son apparence de crapaude? Knut
23%
Lors de l'expédition pour sauver les mini-fées, Brandon et Stella découvrent une civilisation souterraine. Comment s'appelle la princesse qui veut épouser le spécialiste? Amentia
22%
Comment s'appelle le magasin que les winx ouvrent arrivées là-bas? Love and Pet
22%
Comment s'appelle le paladin qui a un coup de foudre pour Layla? Nex
22%
Qui transforme Gardénia en jungle? Diana
21%
Où travaille Roxy? Frutti Music Bar
18%
Quel objet du musée renfermant tout les sorts et les pouvoirs de toutes les dimensions magiques Valtor désire t-il? boîte d'Agador
17%
Sélina s'allie aux Trix pour libérer quelle personnage prisonnier du légendarium? Achéron
16%
En sauvant quel île Nabu meurt-il? Tir Nan Og
16%
Depuis combien de temps Valtor était-il enfermé dans la glace de la prison Oméga? 16 ans
15%
Dans la saison 7, qui cherche à s'emparer du pouvoir ultime des animaux féeriques? Kalshara
15%
De qui est jalouse Flora lorsqu'elle voit cette fille se rapprocher de Hélia? Krystal
15%
Dans quel royaume les winx et les spécialistes se rendent-ils afin d'obtenir les étoiles d'eau? doré
14%
Quel paladin a un faible pour Daphné? Thoren
14%
Qui garde les archives secrètes d'Alféa? Concorda
12%
Quel monstre tombe amoureux de Tecna lors de l'épisode 21 de la saison 6? Frankenstein
12%
De qui Selina a t-elle été autrefois l'éléve? Eldora
11%
En quel animal se transforment les animaux magiques fusionnés? cygne
10%
Qui doit rendre le jugement équitable des sorciers du cercle noir? Sibylla
10%
Qui devient l'animal féérique de Layla? Jédo
9%
Où bloom rencontre t-elle sa soeur après un accident de moto avec Sky? Lac de Roccaluce
9%
Avec quoi les winx peuvent-elles explorer les mini-mondes? bracelets
7%
De quelle fée Sirenix, Tritannus veut-il prendre le pouvoir pour activer le trône de l'empereur? Politea
7%
Qui détient le Lilo, une fleur qui ne fleurit qu'une fois tous les siècles? Macy
4%
Comment s'appelait l'ancienne directrice d'Alféa? Mavilia
2%
Aucun quiz correspondant
Distribution des résultats
% des personnes avec chaque résultat
Percentile par nombre de réponses
Votre historique - résultats
Vous n’avez pas pris ce quiz